[Event "Wellington Open 2018"]
[Site "Wellington NZL"]
[Date "2018.03.30"]
[Round "2"]
[White "Dive, Russell J"]
[Black "Nyberg, Michael"]
[Result "1-0"]
[WhiteElo "2318"]
[BlackElo "1920"]

1. Nf3 Nf6 2. c4 e6 3. g3 c6 4. b3 d5 5. Bb2 Nbd7 6. Bg2 Bd6 7. d4 Qe7 8. O-O
O-O 9. Nc3 Rd8 10. Qc2 Nf8 11. a3 Ng6 12. Rfe1 Bc7 13. e4 dxe4 14. Nxe4 Nxe4
15. Qxe4 Rb8 16. h4 f5 17. Qe2 h6 18. h5 Nf8 19. Ne5 Bxe5 20. Qxe5 Qd6 21. d5
Qxe5 22. Bxe5 Nd7 23. Bc7 Re8 24. dxe6 Ra8 25. exd7 Bxd7 26. Rxe8+ Bxe8 27. Bf3
1-0

[Event "Wellington Open 2018"]
[Site "Wellington NZL"]
[Date "2018.03.30"]
[Round "2"]
[White "Goodhue, Nathan"]
[Black "Ker, Anthony F"]
[Result "0-1"]
[WhiteElo "1915"]
[BlackElo "2307"]

1. b3 e5 2. Bb2 Nc6 3. e3 a6 4. d4 exd4 5. exd4 d5 6. Nf3 Nf6 7. a3 Bd6 8. Bd3
O-O 9. O-O Bg4 10. Nbd2 Re8 11. c3 Ne4 12. Qc2 Re6 13. Nxe4 dxe4 14. Bxe4 Bxf3
15. Bxf3 Bxh2+ 16. Kxh2 Qh4+ 17. Kg1 Rh6 18. Bh5 Qxh5 19. f3 Re8 20. Rfe1 Qh2+
21. Kf2 Rhe6 22. Rxe6 Rxe6 23. Rg1 Ne7 24. Bc1 g6 25. Qd2 Nd5 26. Re1 Qh4+ 27.
Kf1 Rxe1+ 28. Qxe1 Qxe1+ 29. Kxe1 Nxc3 30. Kd2 Nd5 31. Kd3 c6 32. Kc4 Kf8 33.
b4 Ke7 34. a4 Nb6+ 35. Kb3 Kd6 36. a5 Nd5 37. Kc4 f5 38. Bd2 f4 39. Kd3 g5 40.
Ke4 Ke6 41. Kd3 h5 42. Kc4 g4 43. Kc5 gxf3 44. gxf3 h4 45. Bxf4 Nxf4 46. Kb6 h3
47. Kxb7 h2 48. Kxa6 h1=Q 49. Kb6 Kd6 50. a6 Nd5+ 51. Kb7 Qh7+ 0-1

[Event "Wellington Open 2018"]
[Site "Wellington NZL"]
[Date "2018.03.30"]
[Round "2"]
[White "Croad, Nicholas"]
[Black "Forster, William"]
[Result "1-0"]
[WhiteElo "2294"]
[BlackElo "1867"]

1. d4 d5 2. c4 c6 3. Nf3 Nf6 4. e3 e6 5. b3 Nbd7 6. Bd3 Bd6 7. Bb2 O-O 8. O-O
Re8 9. Ne5 Qc7 10. f4 Ne4 11. Bxe4 dxe4 12. Nd2 f5 13. c5 Bf8 14. Ndc4 b6 15.
Ba3 bxc5 16. Nxd7 Bxd7 17. Bxc5 Bxc5 18. dxc5 Rad8 19. Qd6 Qxd6 20. cxd6 c5 21.
Ne5 Bb5 22. Rfd1 Bd3 23. d7 Rf8 24. Rac1 1-0

[Event "Wellington Open 2018"]
[Site "Wellington NZL"]
[Date "2018.03.30"]
[Round "2"]
[White "Macdonald, Paul"]
[Black "Rossiter, Philip E"]
[Result "1/2-1/2"]
[WhiteElo "2002"]
[BlackElo "1773"]

1. b3 d5 2. Bb2 c5 3. Nf3 f6 4. e4 d4 5. e5 fxe5 6. Nxe5 Nf6 7. Bc4 e6 8. O-O
Bd6 9. Qe2 Qc7 10. Nf3 O-O 11. Bxe6+ Bxe6 12. Qxe6+ Kh8 13. Na3 Re8 14. Qh3 a6
15. Nc4 Nc6 16. Ng5 Kg8 17. Rae1 b5 18. Nxd6 Qxd6 19. Re6 Rxe6 20. Qxe6+ Qxe6
21. Nxe6 Nd7 22. c3 d3 23. Ba3 c4 24. bxc4 bxc4 25. Rb1 Re8 26. Nc5 Nf6 27. f3
Re2 28. Rd1 Nd5 29. Ne4 Ne5 30. Bd6 Nd7 31. Ng3 Re6 32. Ba3 N7b6 33. Kf2 Nf4
34. Ne4 Nbd5 35. g3 Ne2 36. Rb1 Nf6 37. Rb8+ Ne8 38. Nd6 Nxc3 39. Rxe8+ Rxe8
40. Nxe8 Nd5 41. Ke1 a5 1/2-1/2

[Event "Wellington Open 2018"]
[Site "Wellington NZL"]
[Date "2018.03.30"]
[Round "2"]
[White "Sole, Michael D"]
[Black "Timergazi, Layla"]
[Result "0-1"]
[WhiteElo "1686"]
[BlackElo "1958"]

1. e4 c6 2. d4 d5 3. e5 c5 4. dxc5 Nc6 5. Nf3 Bg4 6. c3 e6 7. b4 Bxf3 8. Qxf3
Nxe5 9. Bb5+ Nc6 10. O-O Ne7 11. Re1 a6 12. Ba4 Rc8 13. Na3 Ng6 14. c4 Be7 15.
cxd5 exd5 16. Rd1 Bf6 (16... b5 17. cxb6 Qxb6 18. Qxd5 O-O) 17. Rb1 O-O 18.
Rxd5 (18. Qxd5 Qe7 19. Qd7) 18... Qe7 19. Be3 Nh4 20. Qd1 (20. Qg4) 20... Qe4
21. Kf1 Qxg2+ 22. Ke1 Nf3+ 23. Ke2 Nfd4+ 24. Rxd4 Nxd4+ 25. Bxd4 Rcd8 26. Nc2
Bxd4 27. Nxd4 Qe4+ 28. Kf1 Rxd4 29. Qc2 Qh1+ 30. Ke2 Re4+ 0-1

[Event "Wellington Open 2018"]
[Site "Wellington NZL"]
[Date "2018.03.30"]
[Round "2"]
[White "Johnson, Quentin J F"]
[Black "Xie, Felix"]
[Result "1/2-1/2"]
[WhiteElo "2028"]
[BlackElo "1252"]

1. d4 d5 2. c4 e6 3. Nf3 Nf6 4. g3 c6 5. Nbd2 Bd6 6. Bg2 Nbd7 7. O-O O-O 8. Qc2
b6 9. e4 dxe4 10. Nxe4 Nxe4 11. Qxe4 Bb7 12. Ne5 Bxe5 13. dxe5 Nc5 14. Qg4 Kh8
15. Rd1 Qc7 16. Bf4 Rad8 17. Qe2 Qe7 18. b4 Na4 19. Rd6 Rxd6 20. exd6 Qd7 21.
Qc2 b5 22. cxb5 cxb5 23. Qc7 Qxc7 24. dxc7 Bxg2 25. Kxg2 Nb6 26. Rd1 Nd5 27.
Rc1 Rc8 28. Bd6 Kg8 29. Rc5 Nxb4 30. Rxb5 Nc6 31. Rb8 Nxb8 32. cxb8=Q Rxb8 33.
Bxb8 a6 34. Kf3 Kf8 35. Ke4 Ke7 36. Kd4 Kd7 37. Kc5 Kc8 38. Be5 f6 39. Bxf6
gxf6 40. Kb6 Kd7 41. Kxa6 Kc6 42. a4 e5 43. a5 f5 44. Ka7 Kc7 45. h4 h5 46. Ka6
Kc6 47. Ka7 Kc7 1/2-1/2

[Event "Wellington Open 2018"]
[Site "Wellington NZL"]
[Date "2018.03.30"]
[Round "2"]
[White "Aldridge, Alan L"]
[Black "Jackson, L Ross"]
[Result "1-0"]
[WhiteElo "1872"]
[BlackElo "1893"]

1. e4 e5 2. Nf3 Nc6 3. Bb5 Nf6 4. O-O d6 5. d4 exd4 6. Nxd4 Bd7 7. Nxc6 bxc6 8.
Bd3 Be7 9. Nc3 Bg4 10. f3 Be6 11. b3 d5 12. e5 Nd7 13. f4 f5 14. Bb2 h5 15. Qf3
Bc5+ 16. Kh1 Qh4 17. Ne2 Qg4 18. Bd4 Qxf3 19. Rxf3 g6 20. Rc1 Be7 21. Rg3 c5
22. Ba1 Kf7 23. c4 c6 24. b4 h4 25. Rf3 Rhc8 26. bxc5 Nxc5 27. cxd5 cxd5 28.
Rd1 Nxd3 29. Rfxd3 Rc2 30. R3d2 Rac8 31. Rxc2 Rxc2 32. Nc1 Ba3 33. Nb3 Rxa2 34.
Bd4 Bb2 35. Rd2 Bxd4 36. Rxa2 Bb6 37. Ra4 Bd7 38. Rb4 Bc8 39. h3 Ba6 40. Nd4
Bc4 41. Nf3 Be2 42. Nxh4 d4 43. Nf3 Bxf3 44. gxf3 Ke6 45. Kg1 Kd5 46. Kf1 Kc5
47. Ra4 Kb5 48. Ra2 Kc5 49. Ke2 Kc4 50. Kd1 Kd5 51. Rg2 1-0

[Event "Wellington Open 2018"]
[Site "Wellington NZL"]
[Date "2018.03.30"]
[Round "2"]
[White "Weng, Xintong (Winston)"]
[Black "Ha, Huy Minh (Timothy)"]
[Result "0-1"]
[WhiteElo "1489"]
[BlackElo "1673"]

1. c4 Nf6 2. Nc3 g6 3. g3 Bg7 4. Bg2 O-O 5. e4 d6 6. Nge2 e5 7. O-O Be6 8. d3
Qd7 9. Re1 c6 10. f4 Bh3 11. Rf1 Bxg2 12. Kxg2 Nh5 13. f5 Bh8 14. g4 Ng7 15.
Ng3 Na6 16. Bh6 Rfe8 17. h4 Qd8 18. h5 g5 19. f6 Ne6 20. Kh2 Bxf6 21. Qf3 Nf4
22. Nce2 Bg7 23. Nxf4 exf4 24. Nf5 Bxh6 25. Nxh6+ Kg7 26. Nf5+ Kf8 27. d4 Qf6
28. Qa3 Rxe4 29. Nxd6 Re2+ 30. Kh1 Qe7 31. Nxb7 Rb8 32. Qxe7+ Rxe7 33. Nc5 Nxc5
34. dxc5 Rxb2 35. Rfd1 Re3 36. Rd8+ Kg7 37. Rd6 Rh3+ 38. Kg1 f3 0-1

[Event "Wellington Open 2018"]
[Site "Wellington NZL"]
[Date "2018.03.30"]
[Round "2"]
[White "He, Caleb"]
[Black "Steadman, Michael V R"]
[Result "0-1"]
[WhiteElo "1604"]
[BlackElo "2194"]

1. e4 g6 2. d4 Bg7 3. Nc3 d6 4. Nf3 a6 5. Be2 Nd7 6. Be3 b5 7. Qd2 Bb7 8. b4 c5
9. bxc5 dxc5 10. Rb1 b4 11. Na4 Qa5 12. dxc5 Qxa4 13. Rxb4 Qc6 14. O-O e5 15.
Rfb1 Bc8 16. Bc4 Ngf6 17. Qd6 Qxd6 18. cxd6 O-O 19. Bd3 Ng4 20. Bb6 a5 21. R4b3
Nxb6 22. Rxb6 Be6 23. a4 Rfd8 24. c4 Rac8 25. h3 Nh6 26. Nd2 Bf8 27. g4 f6 28.
R1b5 Bxd6 29. Rxa5 Bc7 30. Rxe6 Bxa5 0-1

[Event "Wellington Open 2018"]
[Site "Wellington NZL"]
[Date "2018.03.30"]
[Round "2"]
[White "Stracy, Don M"]
[Black "Lyall, Simon"]
[Result "1/2-1/2"]
[WhiteElo "1575"]
[BlackElo "1734"]

1. e4 e5 2. Nf3 Nf6 3. d4 Nxe4 4. Bd3 d5 5. Nxe5 Nd7 6. Nxd7 Bxd7 7. O-O Qf6 8.
c4 Qxd4 9. cxd5 O-O-O 10. Nc3 Nc5 11. Bc2 Qxd1 12. Rxd1 Bd6 13. Be3 Kb8 14. Bd4
f6 15. a3 b6 16. Re1 Rde8 17. b4 Na6 18. Ne4 Be5 19. Bxe5 Rxe5 20. Nc3 g6 21.
Rxe5 fxe5 22. Re1 Re8 23. Ne4 Kc8 24. Nf6 Re7 25. f4 c5 26. Nxd7 Kxd7 27. fxe5
cxb4 28. Ba4+ Kd8 29. d6 Re6 30. axb4 Nxb4 31. Bb3 Nd3 32. Bxe6 Nxe1 33. Bc4
Kd7 34. Kf2 Nc2 35. Kf3 Nd4+ 36. Ke4 Ne6 37. Bb5+ Kd8 38. Kd5 Nf4+ 39. Kc6 Ne6
40. Kd5 Nf4+ 41. Kc6 1/2-1/2

[Event "Wellington Open 2018"]
[Site "Wellington NZL"]
[Date "2018.03.30"]
[Round "2"]
[White "Weiskopf, Philip"]
[Black "Day, Fabian"]
[Result "0-1"]
[WhiteElo "1710"]
[BlackElo "1556"]

1. d4 f5 2. c4 Nf6 3. Nc3 d6 4. g3 g6 5. Bg2 Bg7 6. e3 O-O 7. Nge2 Qe8 8. O-O
e5 9. Qb3 c6 10. d5 c5 11. Nb5 Qe7 12. Qc2 Bd7 13. Nc7 Ba4 14. Qxa4 Qxc7 15.
Rb1 Nbd7 16. a3 h6 17. Qc2 Rae8 18. b4 cxb4 19. axb4 Rc8 20. c5 dxc5 21. bxc5
Qxc5 22. Qa2 Qc4 23. Qxc4 Rxc4 24. Rxb7 Rc2 25. Re1 Rfc8 26. Ba3 Ra2 27. Rxa7
Bf8 28. d6 Bxd6 29. Bb7 Rd8 30. Bc5 Nxc5 31. Rxa2 Nxb7 32. Ra6 Kf7 33. Ra7 Rd7
34. Rd1 Ke6 35. Ra6 Nc5 36. Rc6 Nce4 37. f4 Ke7 38. Ra1 Bc5 39. fxe5 Bxe3+ 40.
Kg2 Ng4 41. Rxg6 Nxe5 42. Rxh6 Bxh6 0-1

[Event "Wellington Open 2018"]
[Site "Wellington NZL"]
[Date "2018.03.30"]
[Round "2"]
[White "Xu, Hannah"]
[Black "Chen, Wei Kai"]
[Result "0-1"]
[WhiteElo "1120"]
[BlackElo "1690"]

1. e4 e5 2. Nf3 Nc6 3. Bc4 Nf6 4. Ng5 d5 5. exd5 Nxd5 6. Nxf7 Kxf7 7. Qf3+ Ke6
8. Nc3 Ne7 9. d3 c6 10. Bg5 h6 11. Bh4 g5 12. Bg3 Bg7 13. O-O Qf8 14. Qe4 Qf5
15. Qe2 Kd6 16. Ne4+ Kc7 17. c3 Be6 18. d4 Nf4 19. Bxf4 exf4 20. Bd3 Qf7 21. a3
Rae8 22. Nc5 Nf5 23. Nxe6+ Rxe6 24. Qc2 Nd6 25. Be2 Rhe8 26. Bg4 R6e7 27. Rad1
h5 28. Bf3 g4 29. Qd3 gxf3 30. Qxf3 Qf5 31. h3 Ne4 32. c4 Ng5 33. Qxh5 f3 34.
Qg4 Qxg4 35. hxg4 Re4 36. gxf3 Nxf3+ 37. Kg2 Nxd4 38. f3 Re2+ 39. Rf2 Rxf2+ 40.
Kxf2 Re2+ 41. Kg3 Rxb2 42. Re1 Bf6 43. Re3 Ne2+ 44. Kg2 Nf4+ 45. Kf1 Bh4 46.
Kg1 Bf2+ 47. Kh2 Bxe3+ 48. Kg3 Rg2+ 49. Kh4 Ne6 50. Kh5 Rg3 51. Kg6 Rxf3 52.
Kh5 b5 53. cxb5 c5 54. Kh4 c4 55. Kh5 c3 56. g5 c2 57. Kg4 Rf4+ 58. Kh5 c1=Q
59. Kg6 Qc5 60. Kh6 Qxg5+ 61. Kh7 Qg7# 0-1